000 01998nam a22002297a 4500
999 _c5393
_d5393
003 OSt
005 20250910091014.0
008 250910b ||||| |||| 00| 0 eng d
020 _a9780008650605
040 _cKH8
082 _aFIC CIC
100 _aCiccarelli, Kristen,
_eauthor.
245 _aThe Crimson Moth /
_cKristen Ciccarelli.
260 _aUnited Kingdom ;
_bHarper Collins Publisher ,
_c2025.
300 _a404 pages :
_billustrations, maps ;
_c20 cm.
490 _aThe Crimson Moth
_vbook 1
520 _aEnemies-to-lovers doesn't get more high stakes than a witch and a witch hunter falling in love in bestselling author Kristen Ciccarelli's latest romantic fantasy. On the night Rune’s life changed forever, blood ran in the streets. Now, in the aftermath of a devastating revolution, witches have been diminished from powerful rulers to outcasts ruthlessly hunted due to their waning magic, and Rune must hide what she is. Spending her days pretending to be nothing more than a vapid young socialite, Rune spends her nights as the Crimson Moth, a witch vigilante who rescues her kind from being purged. When a rescue goes wrong, she decides to throw the witch hunters off her scent and gain the intel she desperately needs by courting the handsome Gideon Sharpe – a notorious and unforgiving witch hunter loyal to the revolution – who she can't help but find herself falling for. Gideon loathes the decadence and superficiality Rune represents, but when he learns the Crimson Moth has been using Rune’s merchant ships to smuggle renegade witches out of the republic, he inserts himself into her social circles by pretending to court her right back. He soon realizes that beneath her beauty and shallow façade, is someone fiercely intelligent and tender who feels like his perfect match. Except, what if she’s the very villain he’s been hunting?
650 _aRomance
_vfiction
650 _aFantasy
_vfiction
650 _aMagic
_vfiction
942 _2ddc
_cFIC